[Event "Aktivschach 30 min / Game"]
[Site "?"]
[Date "2011.12.07"]
[Round "1.6"]
[White "Krypton Challenge"]
[Black "Mephisto Mondial II"]
[Result "1-0"]
[WhiteElo "1787"]
[BlackElo "1800"]
[Annotator "De Man,Paul"]
[PlyCount "121"]
[EventDate "2011.12.02"]
[EventType "tourn"]
[Source "De Man"]

1. Nf3 c6 2. e4 d5 3. Nc3 Bg4 4. h3 Bxf3 5. Qxf3 Nf6 6. d3 e6 {last book move}
7. Be2 {last book move} d4 8. Nb1 Nbd7 9. Qg3 h5 10. O-O h4 11. Qg5 Be7 12.
Qxg7 Rh7 13. Qg5 Rh8 14. Qf4 Nf8 15. Qd2 Ng6 16. b3 e5 17. Ba3 Nf4 18. Bxe7
Qxe7 19. Bf3 O-O-O 20. Qa5 Rhg8 21. Qxa7 Nxh3+ 22. Kh2 Nf4 23. Qa8+ Kc7 24.
Qa5+ Kc8 25. Nd2 Qe6 26. Qa8+ Kc7 27. Qa7 Ra8 28. Qc5 h3 29. g3 Nd7 30. Qb4 Ng6
31. a4 Rh8 32. Nc4 c5 33. Qb5 Ne7 34. b4 $1 cxb4 35. Qxb4 Nc6 36. Qb5 Na7 37.
Qd5 Qxd5 38. exd5 Rag8 $2 39. d6+ $1 Kc8 40. Bd5 $6 (40. Rfb1 $1) 40... Rg7 41.
f4 Nf6 42. Bf3 exf4 43. Nb6+ $6 Kb8 44. gxf4 Nc8 45. Nxc8 Rxc8 46. Rfc1 Rh8 47.
Rg1 Rxg1 48. Rxg1 b6 49. Rb1 Kc8 50. Rxb6 Rh4 51. Kg3 Rh8 52. Rb7 h2 53. Rxf7
Nd7 54. Bh1 Kd8 55. Rf5 Nb6 56. a5 Nc8 57. Rd5 Kd7 58. a6 Na7 59. Rxd4 Nb5 60.
Rb4 Rg8+ 61. Kxh2 1-0

[Event "Aktivschach 30 min / Game"]
[Site "?"]
[Date "2011.12.08"]
[Round "1.7"]
[White "Mephisto Rebell 5.0"]
[Black "Krypton Challenge"]
[Result "1/2-1/2"]
[WhiteElo "1857"]
[BlackElo "1787"]
[Annotator "De Man,Paul"]
[PlyCount "47"]
[EventDate "2011.12.02"]
[EventType "tourn"]
[Source "De Man"]

1. d4 Nf6 2. c4 e6 3. g3 d5 4. Bg2 dxc4 5. Qa4+ Nbd7 6. Qxc4 {end of book moves
} a6 {end of book moves} 7. Bf4 Bd6 8. Bxd6 cxd6 9. Nf3 O-O 10. O-O d5 (10...
b5) 11. Qd3 b5 12. Nbd2 Bb7 13. Rac1 Rc8 14. Rfd1 Qe7 15. e3 Qb4 16. Qb3 Qa5
17. a3 Qb6 18. h3 Rfe8 19. Re1 h6 20. Red1 Qd6 21. Re1 Qb6 22. Red1 Qd6 23. Re1
Qb6 24. Red1 1/2-1/2

[Event "Aktivschach 30 min / Game"]
[Site "?"]
[Date "2011.12.08"]
[Round "1.7"]
[White "Saitek Kasparov Blitz"]
[Black "Fidelity Designer 2000"]
[Result "1-0"]
[WhiteElo "1782"]
[BlackElo "1828"]
[Annotator "De Man,Paul"]
[PlyCount "133"]
[EventDate "2011.12.02"]
[EventType "tourn"]
[Source "De Man"]

1. e4 e5 2. Nf3 Nc6 3. Bb5 a6 4. Ba4 Nf6 5. O-O Be7 6. Bxc6 dxc6 7. Qe1 {last
book move} Nd7 {last book move} 8. d3 O-O 9. Be3 f5 10. exf5 Rxf5 11. Qc3 Qf8
12. Nbd2 c5 13. Rae1 b5 14. Qb3+ Kh8 15. Qd5 Ra7 16. Ne4 Nb6 17. Qb3 Rxf3 18.
gxf3 Bh3 19. Nd2 Qf5 20. Kh1 Bxf1 21. Rxf1 Ra8 22. Qa3 b4 23. Qa5 Qf8 24. Re1
Kg8 25. Kg1 Nd5 26. Nc4 Bd6 27. Kg2 Nf4+ 28. Kg1 Ne6 29. Nxd6 cxd6 30. Qb6 a5
31. Qc6 Nd4 32. Bxd4 cxd4 33. Qd5+ Kh8 34. f4 exf4 35. Qxd4 Rc8 36. c3 bxc3 37.
bxc3 Rb8 38. f3 Rb5 $2 (38... h6) 39. Qxd6 $1 Qc8 40. Qxf4 Rb2 41. Qe5 Qg8 42.
Qxa5 Rd2 $4 43. Qa6 $2 (43. Qb5 $1) 43... Rc2 $2 44. c4 $2 Qd8 45. Qe6 Qg5+ 46.
Qg4 Qd8 47. Qh5 Qd4+ 48. Kh1 g6 49. Qh6 Qd8 50. Re6 Rxa2 51. Rxg6 Ra1+ 52. Rg1
Rxg1+ 53. Kxg1 Qd4+ 54. Kg2 Kg8 55. Qe6+ Kf8 56. Qf5+ Kg7 57. Qd5 (57. Qg4+)
57... Qxd5 58. cxd5 Kf7 59. f4 Ke7 60. Kf3 Kd7 61. Ke4 h6 62. f5 Ke7 63. Ke5 h5
64. f6+ Ke8 65. Ke6 Kd8 66. f7 Kc7 67. d6+ 1-0

[Event "Aktivschach 30 min / Game"]
[Site "?"]
[Date "2011.12.08"]
[Round "1.7"]
[White "Yeno 532 XL"]
[Black "Excalibur Igor"]
[Result "0-1"]
[WhiteElo "1754"]
[BlackElo "1836"]
[Annotator "De Man,Paul"]
[PlyCount "86"]
[EventDate "2011.12.02"]
[EventType "tourn"]
[Source "De Man"]

1. Nc3 d5 2. d4 {end of book} Nf6 {end of book} 3. Nf3 e6 4. Bf4 Bd6 5. Bxd6
cxd6 6. e3 Bd7 7. Bd3 O-O 8. O-O Qb6 9. b3 Nc6 10. a4 Nb4 11. Bb5 $2 (11. Qd2
Rac8 $15) 11... Rac8 12. Qd2 Bxb5 13. axb5 Rc7 14. Ra4 Rfc8 15. Rxb4 Rxc3 16.
Rc1 a6 (16... Ne4) (16... a5) 17. Qd1 Ne4 18. Nd2 Nxd2 19. Qxd2 Qa5 20. Ra4
Qxb5 21. f3 Qxb3 $1 22. cxb3 Rxc1+ 23. Kf2 R8c2 24. Ra2 Rxd2+ 25. Rxd2 f5 26.
g4 fxg4 27. fxg4 Rb1 28. Rd3 Rb2+ 29. Kg3 Rc2 30. h4 a5 31. Kf3 Kf7 32. Rd1 Rc3
33. Rb1 e5 34. Ke2 exd4 35. exd4 Rh3 36. h5 Rg3 37. Rf1+ Ke6 38. h6 g6 39. Rb1
Rxg4 40. Kd3 Rh4 41. Re1+ Kd7 42. Rf1 Rh3+ 43. Kd2 Rxh6 0-1

[Event "Aktivschach 30 min / Game"]
[Site "?"]
[Date "2011.12.09"]
[Round "2.1"]
[White "Yeno 532 XL"]
[Black "Fidelity Designer 2000"]
[Result "0-1"]
[WhiteElo "1754"]
[BlackElo "1828"]
[Annotator "De Man,Paul"]
[PlyCount "110"]
[EventDate "2011.12.02"]
[EventType "tourn"]
[Source "De Man"]

1. e4 e5 2. Nc3 Nf6 3. Bc4 Nc6 4. d3 Bb4 5. Bg5 h6 6. Bxf6 {last book move}
Bxc3+ 7. bxc3 Qxf6 {last book move} 8. Nf3 Na5 9. Bb3 O-O 10. O-O Nxb3 11. cxb3
d6 12. Nd2 Bd7 13. a4 a5 14. Qf3 Qxf3 15. Nxf3 f5 16. h4 $2 {loose a pawn
without reason} fxe4 17. dxe4 Rf4 18. Nd2 Rxh4 19. g3 Rh3 20. Kg2 Rh5 21. Rh1
Rxh1 22. Rxh1 Rf8 23. f3 Be6 24. g4 Kh7 25. Kg3 c6 26. b4 {opening lines can
only favorise black and his bishop} axb4 27. cxb4 c5 $6 {too hasty} (27... Ra8)
28. bxc5 dxc5 29. Rb1 Rd8 30. Rb6 Bg8 31. Nb1 Rd4 32. Rxb7 Rxa4 33. Re7 Ra1 34.
Nc3 Rc1 35. Nd5 Bxd5 36. exd5 c4 37. Rxe5 c3 38. d6 $4 (38. Kf4) (38. Re2 $11)
38... c2 39. d7 Rg1+ 40. Kf2 c1=Q 41. d8=Q Qf1+ 42. Ke3 Qe1+ 43. Kf4 Qg3+ 44.
Kf5 Qxf3+ 45. Ke6 Qxg4+ (45... Rd1) 46. Ke7 Qh4+ (46... Rd1) 47. Ke8 Qxd8+ 48.
Kxd8 g5 49. Ke7 g4 50. Ke6 g3 51. Re2 g2 52. Ke5 h5 53. Ke4 h4 54. Kf3 h3 55.
Kg3 Ra1 (55... Rf1) 0-1

[Event "Aktivschach 30 min / Game"]
[Site "?"]
[Date "2011.12.09"]
[Round "2.1"]
[White "Saitek Kasparov Blitz"]
[Black "Krypton Challenge"]
[Result "1/2-1/2"]
[WhiteElo "1782"]
[BlackElo "1787"]
[Annotator "De Man,Paul"]
[PlyCount "118"]
[EventDate "2011.12.02"]
[EventType "tourn"]
[Source "De Man"]

1. e4 e5 2. Nf3 Nc6 3. Bb5 a6 4. Ba4 Nf6 5. O-O Be7 6. Bxc6 dxc6 {last book
move} 7. Qe1 {last book move} Nd7 8. d3 O-O 9. Be3 c5 10. Nc3 c6 11. Qd2 Qc7
12. Qe2 Nb6 13. a4 Bg4 14. a5 Nd7 15. h3 Bh5 16. Ra4 Rad8 17. Rfa1 Rfe8 18. Rd1
h6 19. Rda1 Ra8 20. Rd1 Red8 21. Rda1 Ra7 22. R4a3 Re8 23. Rb3 Raa8 24. Ra4
Rad8 25. Ra1 Rf8 26. Rd1 Kh7 27. g4 Bg6 28. h4 Kg8 29. g5 $2 Kh7 $2 (29... Bh5
$1) 30. Nd2 h5 31. Nc4 Rg8 32. Rf1 Qc8 33. f4 exf4 34. Bxf4 Rge8 35. Nd6 (35.
Qf3 $1) 35... Bxd6 36. Bxd6 Re6 37. Bf4 c4 38. dxc4 Nc5 $1 39. Rb4 Nxe4 40.
Nxe4 Rxe4 41. Qf3 Rdd4 42. Qg3 Rxc4 43. Rxc4 Rxc4 44. c3 Qd8 45. b3 Re4 46. b4
Qd5 47. Re1 Rxe1+ 48. Qxe1 Qf3 49. Be5 Be4 50. Qg3 Qh1+ 51. Kf2 Kg8 52. Bd4 Bd5
53. Qb8+ Kh7 54. Qf4 Qg2+ 55. Ke3 Bc4 56. Qf5+ g6 57. Qe4 Qe2+ 58. Kf4 Qg4+ 59.
Ke3 Qh3+ 1/2-1/2

[Event "Aktivschach 30 min / Game"]
[Site "?"]
[Date "2011.12.09"]
[Round "2.1"]
[White "Mephisto Rebell 5.0"]
[Black "Mephisto Mondial II"]
[Result "1-0"]
[WhiteElo "1857"]
[BlackElo "1800"]
[Annotator "De Man,Paul"]
[PlyCount "121"]
[EventDate "2011.12.02"]
[EventType "tourn"]
[Source "De Man"]

1. c4 e5 2. Nc3 Nf6 3. Nf3 Nc6 4. g3 d5 5. cxd5 Nxd5 6. Bg2 Be6 7. O-O Nb6 8.
a3 a5 9. d3 Bd6 10. Be3 {both end of books} O-O 11. Bxb6 cxb6 12. d4 exd4 13.
Nxd4 Nxd4 14. Qxd4 Bc5 15. Qe4 Qd2 16. Rab1 Bb3 17. Qxb7 Rab8 18. Qf3 Bc2 19.
Ra1 Rfe8 20. e4 Rbd8 21. Rfe1 Bd3 22. Na4 Be7 23. Rad1 Qc2 24. Nxb6 Bc5 25. Nd5
(25. Rc1 $5) 25... Bxe4 26. Rxe4 Bxf2+ $4 27. Kf1 Rb8 28. Ne7+ Kh8 29. Qe2
Qxe2+ 30. Rxe2 Bc5 31. Rde1 Bxe7 32. Rxe7 Rxe7 33. Rxe7 g5 34. Bb7 (34. Rb7)
34... Kg7 35. b4 axb4 36. axb4 Rd8 37. b5 Kf6 38. Rc7 Rd2 39. Bg2 Rb2 40. Rc6+
Kf5 41. Rc5+ Kg4 42. Rc4+ Kh5 43. Bf3+ Kg6 44. Rc6+ Kf5 45. Be2 h5 46. Rh6 f6
47. Rxh5 Kg6 48. g4 Kg7 49. Bd3 Kg8 50. h4 gxh4 51. Rxh4 Kf8 52. Rh7 Rb4 53.
Be2 Kg8 54. Ra7 Kh8 55. Kf2 Kg8 56. Ra6 Kf7 57. Rc6 Kg7 58. b6 Kg6 59. Kf3 Rb2
60. Bd3+ Kf7 61. Rc7+ 1-0

[Event "Aktivschach 30 min / Game"]
[Site "?"]
[Date "2011.12.10"]
[Round "2.2"]
[White "Mephisto Mondial II"]
[Black "Saitek Kasparov Blitz"]
[Result "1-0"]
[WhiteElo "1800"]
[BlackElo "1782"]
[Annotator "De Man,Paul"]
[PlyCount "66"]
[EventDate "2011.12.02"]
[EventType "tourn"]
[Source "De Man"]

1. c4 Nf6 2. d4 e6 3. Nc3 Bb4 4. Nf3 {end of book} b6 5. Bg5 h6 6. Bh4 Bb7 {
end of book} 7. Rc1 O-O 8. e3 Bxc3+ 9. Rxc3 Nc6 10. Be2 d6 11. d5 exd5 12. cxd5
Nb4 13. Bxf6 Qxf6 14. Rxc7 Bxd5 15. a3 Qxb2 16. axb4 Qxb4+ 17. Qd2 Qxd2+ 18.
Kxd2 Rfc8 19. Rhc1 Be6 20. Nd4 Rxc7 21. Rxc7 Bd5 22. f3 a5 23. Rd7 Rb8 24. Rxd6
Ba2 25. Bb5 Kf8 26. e4 f6 27. f4 Bb1 28. Ke3 Rb7 29. Ne6+ Ke7 30. e5 g5 31. Kd4
fxe5+ 32. Kxe5 Be4 33. g3 (33. Rd8 $1) 33... Bc2 1-0

[Event "Aktivschach 30 min / Game"]
[Site "?"]
[Date "2011.12.10"]
[Round "2.2"]
[White "Krypton Challenge"]
[Black "Yeno 532 XL"]
[Result "1-0"]
[WhiteElo "1787"]
[BlackElo "1754"]
[Annotator "De Man,Paul"]
[PlyCount "117"]
[EventDate "2011.12.02"]
[EventType "tourn"]
[Source "De Man"]

1. d4 d5 2. Nf3 Nf6 {end of opening book} 3. c4 dxc4 4. e3 e6 {again in book}
5. Bxc4 c5 {last book move} 6. O-O cxd4 7. exd4 {last opening move} Bd6 8. Nc3
O-O 9. Bg5 Nc6 10. Re1 Nb4 $6 (10... h6) 11. Ne5 (11. Rc1) 11... Be7 12. a3
Nbd5 13. Nxd5 Nxd5 14. Bxe7 Nxe7 15. Qd2 b6 16. Qd3 (16. Rac1) 16... Bb7 17.
Rad1 Qd6 18. h3 Rac8 19. Ba6 Bxa6 20. Qxa6 Rc7 21. Qd3 Rfc8 22. Re2 a5 $15 23.
Qd2 a4 24. Qd3 Qd5 25. Kh2 f6 26. Nf3 Nf5 $6 27. Rde1 Rc6 28. Qd1 Qc4 29. Rd2
Nh6 30. d5 $1 exd5 31. Rxd5 Nf7 32. Re7 $14 R6c7 $4 33. Re6 $2 (33. Rdd7 $1)
33... Rc5 $1 34. Rxc5 bxc5 $11 35. Qd7 Rf8 36. Rb6 (36. Re7 Qf4+ 37. Kg1 Qc1+)
36... Qf4+ 37. Kg1 Qc1+ 38. Kh2 Qf1 $6 (38... Qf4+ $11) 39. Qxa4 $16 Qxf2 40.
Qc4 Re8 $2 (40... Qe3) 41. Rb7 $1 $18 Rf8 42. a4 $1 Qe3 43. a5 Qh6 $2 (43...
Qe8) 44. Qxc5 $6 (44. a6) 44... Qf4+ 45. Kg1 Rd8 46. Qc2 Ne5 47. Nxe5 Qe3+ 48.
Kf1 Qxe5 49. Qb3+ $6 (49. a6) 49... Kh8 50. a6 Qf4+ (50... Rc8 $1) 51. Kg1 Qc1+
52. Kh2 Qf4+ 53. Qg3 Qxg3+ 54. Kxg3 h5 55. a7 h4+ 56. Kxh4 Kh7 57. Rb8 Rd4+ 58.
Kg3 Ra4 59. a8=Q 1-0

[Event "Aktivschach 30 min / Game"]
[Site "?"]
[Date "2011.12.10"]
[Round "2.2"]
[White "Fidelity Designer 2000"]
[Black "Excalibur Igor"]
[Result "1/2-1/2"]
[WhiteElo "1828"]
[BlackElo "1836"]
[Annotator "De Man,Paul"]
[PlyCount "98"]
[EventDate "2011.12.02"]
[EventType "tourn"]
[Source "De Man"]

1. d4 d5 2. c4 e6 3. Nc3 Nf6 4. Bg5 Nbd7 5. e3 c6 6. Nf3 Qa5 {last book move}
7. cxd5 Nxd5 8. Qd2 {last book move} Bb4 9. Rc1 f6 10. Bh4 O-O 11. Bc4 N7b6 12.
Bb3 Nxc3 13. bxc3 Ba3 14. Rb1 $6 (14. Rc2) 14... Nd5 $1 15. Bxd5 cxd5 $15 16.
c4 Qa6 17. c5 $6 (17. cxd5) 17... b6 $1 18. c6 Qc4 {the bishop pair and a pawn
up is probably winning} 19. Rb3 $5 {a good attempt to not sink} Bd6 20. Rc3 Bb4
21. Rxc4 Bxd2+ 22. Nxd2 dxc4 23. Nxc4 e5 $4 (23... Rd8) (23... Ba6) 24. d5 $5 (
24. dxe5) (24. Nd6) 24... Ba6 25. Nd2 Rac8 26. Bg3 Kf7 27. f4 {another weird
move} exf4 28. Bxf4 g5 29. Bg3 Rfe8 30. e4 Bd3 31. Kf2 Bxe4 32. Nxe4 Rxe4 33.
Rd1 f5 $4 (33... Rc4) (33... Ke7 {the passed pawn are too dangerous}) 34. Bd6
$4 (34. d6 $16) 34... Kf6 $2 35. a3 $2 f4 36. g3 Rce8 37. gxf4 gxf4 38. Rd2 Rg8
39. Kf3 Kf5 40. Kf2 Rg6 (40... h5) 41. Bb8 Rh6 42. Kg2 Ra4 $4 43. c7 $4 (43. d6
$18) 43... f3+ 44. Kg3 Rg4+ 45. Kxf3 Rh3+ 46. Ke2 Rxh2+ 47. Kf3 Rh3+ 48. Ke2
Rc3 49. Rd3 $2 Rc2+ $2 (49... Rg2+) 1/2-1/2

[Event "Aktivschach 30 min / Game"]
[Site "?"]
[Date "2011.12.11"]
[Round "2.3"]
[White "Excalibur Igor"]
[Black "Krypton Challenge"]
[Result "0-1"]
[WhiteElo "1836"]
[BlackElo "1787"]
[Annotator "De Man,Paul"]
[PlyCount "102"]
[EventDate "2011.12.02"]
[EventType "tourn"]
[Source "De Man"]

1. d4 d5 2. c4 c6 3. Nc3 Nf6 4. e3 e6 5. Nf3 Bd6 {both last book move} 6. c5
Bc7 7. Bd3 O-O 8. a3 b5 9. O-O Bb7 10. Qb3 Nbd7 11. a4 a6 12. Bd2 Qe7 13. h3
Rfe8 14. Rfe1 e5 15. axb5 axb5 16. Ng5 h6 17. Nxb5 cxb5 18. Bxb5 hxg5 19. Bxd7
Reb8 20. Rxa8 Bxa8 21. Qc2 Qxd7 22. Ra1 Ne4 23. Ba5 Bxa5 24. Rxa5 Qc7 25. Ra3
Bc6 26. f3 Ng3 27. Qf2 e4 28. b3 Ra8 29. Rxa8+ Bxa8 30. Qa2 Qb8 31. fxe4 Nxe4
32. Qa4 Nd2 33. b4 Nc4 34. Kf2 Qd8 35. b5 Qa5 36. Qxa5 Nxa5 37. Ke2 Kf8 38. c6
Ke7 39. Kd3 Nc4 40. e4 Na3 41. exd5 Nxb5 42. Kc4 Nd6+ 43. Kc5 f6 44. Kb6 Ne8
45. Kc5 f5 46. Kb6 Kd6 47. Ka7 Nc7 48. Kb8 f4 49. Ka7 Kxd5 50. Kb6 Kd6 51. h4
f3 0-1

[Event "Aktivschach 30 min / Game"]
[Site "?"]
[Date "2011.12.11"]
[Round "2.3"]
[White "Yeno 532 XL"]
[Black "Mephisto Mondial II"]
[Result "0-1"]
[WhiteElo "1754"]
[BlackElo "1800"]
[Annotator "De Man,Paul"]
[PlyCount "82"]
[EventDate "2011.12.02"]
[EventType "tourn"]
[Source "De Man"]

1. e4 e5 2. f4 exf4 3. Nf3 Nf6 4. e5 Nh5 5. Qe2 Be7 6. d4 O-O 7. g4 fxg3 8. Qg2
{end of book} d6 9. hxg3 Bg4 10. Nh2 Nxg3 {end of book} 11. Nxg4 Nxh1 $15 12.
Qxh1 Bh4+ 13. Ke2 Nc6 14. Be3 dxe5 15. dxe5 h5 16. Nf2 Nxe5 17. Qxb7 Nc4 18.
Qb3 Nxe3 19. Qxe3 Qf6 20. Nd2 Bxf2 21. Qf3 Bh4 22. Qxf6 Rfe8+ 23. Kf3 Bxf6 24.
Nc4 Rab8 25. c3 Rbd8 26. Be2 Rd5 27. Rf1 Re6 28. Bd1 Bxc3 29. Kg2 Rg5+ 30. Kh3
Be1 31. Bf3 Kh7 32. a4 Kg6 33. Bd1 h4 34. Rf3 f5 35. b3 Rg3+ 36. Rxg3+ hxg3 37.
Kg2 Kg5 38. Na3 Rh6 39. Nc2 Rh2+ 40. Kf1 Bd2 41. a5 Rh1+ 0-1

[Event "Aktivschach 30 min / Game"]
[Site "?"]
[Date "2011.12.11"]
[Round "2.3"]
[White "Saitek Kasparov Blitz"]
[Black "Mephisto Rebell 5.0"]
[Result "0-1"]
[WhiteElo "1782"]
[BlackElo "1857"]
[Annotator "De Man,Paul"]
[PlyCount "148"]
[EventDate "2011.12.02"]
[EventType "tourn"]
[Source "De Man"]

1. Nf3 d5 2. d4 e6 3. c4 Nf6 4. Nc3 c5 5. cxd5 Nxd5 6. e3 {both end of opening
books} Nxc3 7. bxc3 Be7 8. Bd3 Bd7 9. Qc2 h6 10. O-O Nc6 11. Rb1 b6 12. Be4
cxd4 13. cxd4 Rc8 14. Qb3 Na5 15. Qd1 Nc4 16. Bd2 O-O 17. Bb4 Bxb4 18. Rxb4 b5
19. Ne5 Nxe5 20. dxe5 Qc7 21. Qd6 Rfd8 22. Qxc7 Rxc7 23. Rd1 Be8 24. Rbb1 Rdc8
25. Kf1 Rc5 26. f4 a5 27. Ke2 f5 28. exf6 Bh5+ 29. Bf3 gxf6 30. Bxh5 Rxh5 31.
Kf3 Rc2 32. a3 Rc3 33. Rd6 Rxa3 34. Rxe6 Kf7 35. Rb6 b4 36. Rb7+ Kg6 37. h3 Rd5
38. Ke4 Rdd3 39. f5+ Kh5 40. Re1 Rd2 41. g4+ $6 (41. Rg7 $16 {for Stockfish 2.1
}) 41... Kh4 42. Rb6 $2 {this is a real mistake, the play of Saitek Kasparov
Blitz is sometimes a real mess in the final play who cost him a lot of elo
points but is a difficult endgame I admit} (42. g5 fxg5 43. f6 Rf2 44. f7 b3
45. Rd1 b2 46. Rb1 Ra2 47. Kd5 Kh5 48. e4 Kg6 49. R7xb2 Raxb2 50. Rxb2 Rxf7 51.
e5 Rd7+ 52. Ke6 Rd3 $11 {Stockfish 2.1}) 42... Kg3 $1 {setting the king in a
safer place and winning a pawn} 43. Rh1 Kg2 44. Rc1 Kf2 45. Kf4 Rxe3 46. Rf1+
Ke2 47. Re1+ Kxe1 48. Kxe3 Rh2 49. Rxf6 Rxh3+ 50. Kd4 Rh4 51. Kd5 Rxg4 52. Rxh6
a4 53. Rg6 Rf4 54. Ke5 Rc4 55. Kd5 Rh4 56. Re6+ Kd2 57. Kc5 b3 58. f6 b2 59.
Rb6 Kc2 60. f7 Rh8 61. Kd5 Rf8 62. Rc6+ Kb3 63. Rb6+ Kc3 64. Ke6 a3 65. Rb7 a2
66. Rc7+ Kd4 67. Rd7+ Ke4 68. Ke7 b1=Q 69. Kxf8 a1=Q 70. Rd5 Qh8+ 71. Ke7 Qb7+
72. Rd7 Qe5+ 73. Kf8 Qbb8+ 74. Rd8 Qxd8# 0-1

[Event "Aktivschach 30 min / Game"]
[Site "?"]
[Date "2011.12.12"]
[Round "2.4"]
[White "Mephisto Rebell 5.0"]
[Black "Yeno 532 XL"]
[Result "1-0"]
[WhiteElo "1857"]
[BlackElo "1754"]
[Annotator "De Man,Paul"]
[PlyCount "93"]
[EventDate "2011.12.02"]
[EventType "tourn"]
[Source "De Man"]

1. d4 Nf6 2. c4 g6 3. Nc3 Bg7 4. e4 d6 5. Nf3 O-O 6. Be2 e5 7. O-O Nc6 8. d5
Ne7 9. Ne1 {both last opening book moves} b6 10. Be3 Bb7 11. Nd3 c5 12. f4 exf4
13. Bxf4 Ne8 14. e5 dxe5 15. Bxe5 Bxe5 16. Nxe5 Nd6 17. b3 Re8 18. Ng4 Nef5 19.
Qd2 Qh4 20. g3 Qe7 21. Rae1 Qd8 22. a3 a5 23. Rd1 Re7 24. Kh1 Nd4 25. Nf6+ Kg7
26. Qa2 Re6 27. Ng4 f5 28. Nf2 Nxe2 29. Nxe2 h6 30. Nf4 Re5 31. N2d3 Re4 32.
Qb2+ Kh7 33. Nf2 Re8 34. Rfe1 a4 35. Ne6 Qd7 36. Qf6 Ne4 37. Nxe4 fxe4 38. bxa4
Qe7 39. Qf4 Bc6 40. a5 Ba4 41. Ra1 Rxa5 42. Rxe4 Raa8 43. Rae1 Ra7 44. d6 Qf7
45. Qxf7+ Rxf7 46. Ng5+ hxg5 47. Rxe8 1-0

[Event "Aktivschach 30 min / Game"]
[Site "?"]
[Date "2011.12.12"]
[Round "2.4"]
[White "Mephisto Mondial II"]
[Black "Excalibur Igor"]
[Result "1-0"]
[WhiteElo "1800"]
[BlackElo "1836"]
[Annotator "De Man,Paul"]
[PlyCount "97"]
[EventDate "2011.12.02"]
[EventType "tourn"]
[Source "De Man"]

1. Nf3 d5 2. d4 Nf6 3. c4 c6 4. Nc3 e6 5. Bg5 dxc4 6. e4 b5 7. e5 h6 8. Bh4 g5
9. Nxg5 hxg5 10. Bxg5 Nbd7 11. exf6 Bb7 12. g3 {end of book moves} c5 13. d5
Qb6 {end of book moves} 14. Rc1 exd5 15. Qe2+ Kd8 16. Bg2 d4 17. Bxb7 Qxb7 18.
Ne4 d3 19. Qe3 Qa6 20. Nc3 Rb8 21. h4 Rb6 22. a3 Qa5 23. O-O Re6 24. Ne4 a6 25.
f3 Qc7 26. a4 Nxf6 $2 (26... Bd6 27. axb5 axb5 28. Ra1) 27. Bxf6+ Rxf6 28. Qg5
Be7 29. Nxf6 Kc8 30. Qg4+ Kb7 31. Nd5 Qd8 32. Qe4 Bd6 33. Nb4+ Kc8 34. Qc6+ Qc7
35. Qa8+ Qb8 36. Qxa6+ Kd7 37. Qc6+ Ke7 38. Nd5+ Kd8 39. axb5 Rg8 40. g4 (40.
Nf6 $1 Rxg3+ 41. Kf2 Ke7 42. Nd7 Rg6 43. Rfe1+) 40... Rg6 41. Kh1 Rh6 42. h5 d2
43. Ra1 Bf8 44. Nf6 Rxf6 45. Qxf6+ Kd7 46. Qxf7+ Be7 47. h6 Qd6 48. h7 Qd4 49.
Ra7+ {a beautiful game won by Mephisto Mondial II from Frans Morsch on a 2 mhz
processor!} 1-0

[Event "Aktivschach 30 min / Game"]
[Site "?"]
[Date "2011.12.12"]
[Round "2.4"]
[White "Krypton Challenge"]
[Black "Fidelity Designer 2000"]
[Result "0-1"]
[WhiteElo "1787"]
[BlackElo "1828"]
[Annotator "De Man,Paul"]
[PlyCount "98"]
[EventDate "2011.12.02"]
[EventType "tourn"]
[Source "De Man"]

1. d4 Nf6 2. c4 e6 {end of book} 3. Bg5 {last book move} h6 4. Bxf6 Qxf6 5. Nc3
Be7 6. Nf3 O-O 7. e3 Nc6 8. Bd3 b6 9. Nb5 Bb4+ 10. Nc3 Bxc3+ 11. bxc3 d5 12.
cxd5 exd5 13. Qb3 Bf5 14. Be2 Qe6 15. O-O Na5 16. Qb4 a6 17. Rfe1 Qf6 18. a4
Nc6 19. Qb3 Qd6 20. h3 Na5 21. Qb4 Qe6 22. Qb2 Nc4 23. Bxc4 dxc4 24. Qb4 a5 25.
Qb5 Rad8 26. Ne5 f6 27. Nc6 Rd7 28. d5 Qe4 29. f3 Qh4 30. Nd4 Qg5 $2 31. g4 $2
(31. Nxf5 $1 Qxf5 32. e4) 31... Bxg4 32. hxg4 Qxd5 33. Qxd5+ Rxd5 34. e4 Rd7
35. Ne6 Re8 36. Nf4 c6 37. Rab1 Rb8 38. Red1 Rxd1+ 39. Rxd1 b5 40. axb5 cxb5
41. Ra1 b4 42. Rxa5 bxc3 43. Kf2 c2 44. Ne2 Rb1 45. Ra8+ Kh7 46. e5 $2 (46. Rc8
) 46... fxe5 47. Re8 $2 Rh1 $1 48. Rxe5 Rh2+ 49. Kg3 Rxe2 0-1

[Event "Aktivschach 30 min / Game"]
[Site "?"]
[Date "2011.12.13"]
[Round "2.5"]
[White "Fidelity Designer 2000"]
[Black "Mephisto Mondial II"]
[Result "0-1"]
[WhiteElo "1828"]
[BlackElo "1800"]
[Annotator "De Man,Paul"]
[PlyCount "130"]
[EventDate "2011.12.02"]
[EventType "tourn"]
[Source "De Man"]

1. d4 d5 2. c4 e6 3. Nc3 c5 {last book move} 4. Nf3 {last book move} cxd4 5.
Nxd4 dxc4 6. Qa4+ Nd7 7. Nf3 Bc5 8. Ne4 Be7 9. Nc3 Ngf6 10. e4 O-O 11. Qxc4 Nb6
12. Qd3 Qxd3 13. Bxd3 Rd8 14. Bc2 Bd7 15. e5 Nfd5 16. Bg5 Bxg5 17. Nxg5 h6 18.
Nxd5 exd5 19. Nf3 Rac8 20. O-O-O Bf5 21. Nd4 Bxc2 22. Nxc2 d4 23. Rd3 Rc6 24.
Kb1 Rg6 25. Nxd4 Rxg2 26. f4 Nc4 27. b4 Rd2 28. Rd1 Rxh2 29. Nb5 Nd2+ 30. Kc2
Rc8+ 31. Kb2 Ne4+ 32. Kb3 Rcc2 33. Rd8+ Kh7 34. a3 a6 35. Nd6 Rc3+ 36. Ka4 Rhh3
37. Ka5 Rxa3+ 38. Kb6 Rhb3 39. Rd4 Nxd6 40. exd6 Ra4 41. Kxb7 Rbxb4+ 42. Rxb4
Rxb4+ 43. Kxa6 Rxf4 44. d7 Rd4 45. Kb6 Kg6 46. Kc6 Rc4+ 47. Kb7 h5 48. Rh8 Rd4
49. d8=Q Rxd8 50. Rxd8 Kh6 51. Rf8 f6 52. Rh8+ Kg5 53. Kc6 Kg4 54. Rb8 f5 55.
Rb2 g5 56. Rg2+ Kf4 57. Kd6 h4 58. Rf2+ Ke4 59. Ke6 h3 60. Rxf5 h2 61. Rf1 g4
62. Ra1 g3 63. Kf6 g2 64. Ra4+ Kd3 65. Ra3+ Kc4 0-1

[Event "Aktivschach 30 min / Game"]
[Site "?"]
[Date "2011.12.13"]
[Round "2.5"]
[White "Excalibur Igor"]
[Black "Mephisto Rebell 5.0"]
[Result "0-1"]
[WhiteElo "1836"]
[BlackElo "1857"]
[Annotator "De Man,Paul"]
[PlyCount "84"]
[EventDate "2011.12.02"]
[EventType "tourn"]
[Source "De Man"]

1. e4 c5 2. c3 d5 3. exd5 Qxd5 4. d4 e6 5. Nf3 {both end of opening book} cxd4
6. Nxd4 e5 7. Bb5+ Bd7 8. Bxd7+ Nxd7 9. Nf3 Qxd1+ 10. Kxd1 Bc5 11. Re1 Rd8 12.
Be3 Ngf6 13. Nbd2 Bxe3 14. Rxe3 Nd5 15. Re1 f6 16. Kc2 Nc5 17. Nxe5 $6 fxe5 18.
Rxe5+ Kf7 19. Rae1 b6 20. Nb3 Nxb3 21. axb3 Rhe8 22. Rxe8 Rxe8 23. Rxe8 Kxe8
24. c4 Nf4 25. g3 Nh3 26. f4 Nf2 27. Kd2 Ng4 28. h4 a5 29. Kd3 Nf6 30. f5 Kd7
31. Ke3 Kd6 32. Kf4 Kc5 33. g4 Kb4 34. g5 Nd7 (34... Kxb3 35. gxf6 gxf6 36. Ke4
Kxb2) 35. Ke4 Kxb3 36. Kd5 a4 37. Kd6 Nc5 38. f6 gxf6 39. gxf6 Ne4+ 40. Ke7
Nxf6 41. Kxf6 Kxb2 42. Ke5 a3 0-1